000 01349cam a2200373 i 4500
999 _c7587
_d7587
003 OSt
005 20200316161804.0
008 180525s2018 ii ab b 000 0 eng d
020 _a9789380852898
_q(hardback)
025 _aI-E-2018315619; 18-91
040 _aDKAGE
_beng
_erda
_cDKAGE
_dOCLCF
_dDLC
082 0 4 _a709.54123
_223
100 1 _aLāmā, Jī. Ke.,
_d1964-
_eauthor.
245 1 4 _aThe art heritage of Nalanda /
_cG.K. Lama.
246 3 0 _aNalanda
300 _axxi, 134 pages :
_billustrations (black and white, and color), maps (black and white) ;
_c29 cm
504 _aIncludes bibliographical references (pages 105-110).
650 0 _aBuddhist sculpture
_zIndia
_zNālandā.
650 0 _aHindu sculpture
_zIndia
_zNālandā.
650 0 _aArt, Indic
_zIndia
_zNālandā.
650 0 _aBuddhist antiquities
_zIndia
_zNālandā.
650 0 _aHindu antiquities
_zIndia
_zNālandā.
650 7 _aAntiquities.
_2fast
650 7 _aArt, Indic.
_2fast
650 7 _aBuddhist antiquities.
_2fast
650 7 _aBuddhist sculpture.
_2fast
650 7 _aHindu antiquities.
_2fast
650 7 _aHindu sculpture.
_2fast
651 0 _aNālandā (India)
_xAntiquities.
651 7 _aIndia
_zNālandā
_2fast
906 _a7
_bcbc
_ccopycat
_d3
_encip
_f20
_gy-gencatlg
942 _2ddc